| 000 | 00860cab a22002175a 4500 | ||
|---|---|---|---|
| 001 | L147650 | ||
| 008 | 090602e20090529xxko f 000 0 eng d | ||
| 035 | _a(Sirsi) u147650 | ||
| 041 | 0 | _aeng | |
| 100 | 1 | _aSandher, Hardeep | |
| 245 | 0 | 0 |
_aRegional report _bHerts, Beds and Bucks |
| 260 | _c2009 | ||
| 490 | 0 |
_aProperty Week _v75(22) 29 May 2009, 50-56(5) |
|
| 520 | _aSurveys activity in the retail, investment and office markets across the region. Focuses on High Wycombe's Eden shopping centre and the development of the Mall Luton. Highlights Pinder Fry and Benjamin's planned High Wycombe data centre and progress on the £1bn Watford Health Campus project. | ||
| 590 | _aKA | ||
| 651 | 4 | _aHertfordshire | |
| 651 | 4 | _aBedfordshire | |
| 651 | 4 | _aBuckinghamshire | |
| 690 | _aPROPERTY-COMMERCIAL PROPERTY-COMMERCIAL PROPERTY MARKET | ||
| 942 | _n0 | ||
| 999 |
_c81595 _d81595 |
||